<?xml version="1.0" encoding="UTF-8"?>
<record
    xmlns:xsi="http://www.w3.org/2001/XMLSchema-instance"
    xsi:schemaLocation="http://www.loc.gov/MARC21/slim http://www.loc.gov/standards/marcxml/schema/MARC21slim.xsd"
    xmlns="http://www.loc.gov/MARC21/slim">

  <leader>00534    a2200181   4500</leader>
  <datafield tag="999" ind1=" " ind2=" ">
    <subfield code="c">422</subfield>
    <subfield code="d">422</subfield>
  </datafield>
  <controlfield tag="008">221215b           ||||| |||| 00| 0 eng d</controlfield>
  <datafield tag="020" ind1=" " ind2=" ">
    <subfield code="a">9788126521524</subfield>
  </datafield>
  <datafield tag="082" ind1="0" ind2="0">
    <subfield code="a">621.4021</subfield>
    <subfield code="b">B733</subfield>
  </datafield>
  <datafield tag="100" ind1=" " ind2=" ">
    <subfield code="a">Borgnakke, Claus</subfield>
  </datafield>
  <datafield tag="245" ind1=" " ind2=" ">
    <subfield code="a">Fundamentals of thermodynamics /</subfield>
  </datafield>
  <datafield tag="250" ind1=" " ind2=" ">
    <subfield code="a">7th ed.</subfield>
  </datafield>
  <datafield tag="260" ind1=" " ind2=" ">
    <subfield code="a">New Delhi: </subfield>
    <subfield code="b">Wiley, </subfield>
    <subfield code="c">2015.</subfield>
  </datafield>
  <datafield tag="300" ind1=" " ind2=" ">
    <subfield code="a">xvii, 777 p.  </subfield>
  </datafield>
  <datafield tag="500" ind1=" " ind2=" ">
    <subfield code="a">International Student Version.
</subfield>
  </datafield>
  <datafield tag="650" ind1=" " ind2="0">
    <subfield code="a">Thermodynamics</subfield>
  </datafield>
  <datafield tag="700" ind1=" " ind2=" ">
    <subfield code="9">5391</subfield>
    <subfield code="a">Sonntag, Richard E. </subfield>
  </datafield>
  <datafield tag="942" ind1=" " ind2=" ">
    <subfield code="2">ddc</subfield>
    <subfield code="c">BK</subfield>
  </datafield>
  <datafield tag="952" ind1=" " ind2=" ">
    <subfield code="0">0</subfield>
    <subfield code="1">0</subfield>
    <subfield code="2">ddc</subfield>
    <subfield code="4">0</subfield>
    <subfield code="6">621_402100000000000_B733</subfield>
    <subfield code="7">0</subfield>
    <subfield code="9">1572</subfield>
    <subfield code="a">CL</subfield>
    <subfield code="b">CL</subfield>
    <subfield code="d">2017-03-15</subfield>
    <subfield code="e">B. Bross &amp; Co.</subfield>
    <subfield code="g">575.97</subfield>
    <subfield code="l">2</subfield>
    <subfield code="o">621.4021 B733</subfield>
    <subfield code="p">12055</subfield>
    <subfield code="r">2025-06-12</subfield>
    <subfield code="s">2025-06-06</subfield>
    <subfield code="v">789.00</subfield>
    <subfield code="y">BK</subfield>
  </datafield>
  <datafield tag="952" ind1=" " ind2=" ">
    <subfield code="0">0</subfield>
    <subfield code="1">0</subfield>
    <subfield code="2">ddc</subfield>
    <subfield code="4">0</subfield>
    <subfield code="6">621_402100000000000_B733</subfield>
    <subfield code="7">0</subfield>
    <subfield code="9">1573</subfield>
    <subfield code="a">CL</subfield>
    <subfield code="b">CL</subfield>
    <subfield code="d">2017-03-15</subfield>
    <subfield code="e">B. Bross &amp; Co.</subfield>
    <subfield code="g">575.97</subfield>
    <subfield code="o">621.4021 B733</subfield>
    <subfield code="p">12056</subfield>
    <subfield code="r">2019-09-26</subfield>
    <subfield code="v">789.00</subfield>
    <subfield code="y">BK</subfield>
  </datafield>
  <datafield tag="952" ind1=" " ind2=" ">
    <subfield code="0">0</subfield>
    <subfield code="1">0</subfield>
    <subfield code="2">ddc</subfield>
    <subfield code="4">0</subfield>
    <subfield code="6">621_402100000000000_B733</subfield>
    <subfield code="7">0</subfield>
    <subfield code="9">1574</subfield>
    <subfield code="a">CL</subfield>
    <subfield code="b">CL</subfield>
    <subfield code="d">2017-03-15</subfield>
    <subfield code="e">B. Bross &amp; Co.</subfield>
    <subfield code="g">575.97</subfield>
    <subfield code="o">621.4021 B733</subfield>
    <subfield code="p">12057</subfield>
    <subfield code="r">2019-09-26</subfield>
    <subfield code="v">789.00</subfield>
    <subfield code="y">BK</subfield>
  </datafield>
  <datafield tag="952" ind1=" " ind2=" ">
    <subfield code="0">0</subfield>
    <subfield code="1">0</subfield>
    <subfield code="2">ddc</subfield>
    <subfield code="4">0</subfield>
    <subfield code="6">621_402100000000000_B733</subfield>
    <subfield code="7">0</subfield>
    <subfield code="9">1575</subfield>
    <subfield code="a">CL</subfield>
    <subfield code="b">CL</subfield>
    <subfield code="d">2017-03-15</subfield>
    <subfield code="e">B. Bross &amp; Co.</subfield>
    <subfield code="g">575.97</subfield>
    <subfield code="o">621.4021 B733</subfield>
    <subfield code="p">12058</subfield>
    <subfield code="r">2019-09-26</subfield>
    <subfield code="v">789.00</subfield>
    <subfield code="y">BK</subfield>
  </datafield>
  <datafield tag="952" ind1=" " ind2=" ">
    <subfield code="0">0</subfield>
    <subfield code="1">0</subfield>
    <subfield code="2">ddc</subfield>
    <subfield code="4">0</subfield>
    <subfield code="6">621_402100000000000_B733</subfield>
    <subfield code="7">0</subfield>
    <subfield code="9">1576</subfield>
    <subfield code="a">CL</subfield>
    <subfield code="b">CL</subfield>
    <subfield code="d">2017-03-15</subfield>
    <subfield code="e">B. Bross &amp; Co.</subfield>
    <subfield code="g">575.97</subfield>
    <subfield code="o">621.4021 B733</subfield>
    <subfield code="p">12059</subfield>
    <subfield code="r">2019-09-26</subfield>
    <subfield code="v">789.00</subfield>
    <subfield code="y">BK</subfield>
  </datafield>
</record>
